Introduction to PASCAL including UCSD PASCAL
| Main Author: | |
|---|---|
| Format: | Book |
| Published: |
u.S
sYBEX
1981
|
| Subjects: |
MARC
| LEADER | 00000cam a2200000 7i4500 | ||
|---|---|---|---|
| 001 | 0000003847 | ||
| 002 | 000004146 | ||
| 005 | 20080513.0 | ||
| 020 | |a 0895880660 | ||
| 090 | 0 | 0 | |a 005.262 |b ZAK |
| 100 | 1 | |a Zaks, Rodney | |
| 245 | 1 | 0 | |a Introduction to PASCAL including UCSD PASCAL |c Rodney Zaks |
| 260 | |a u.S |b sYBEX |c 1981 | ||
| 300 | |a 422p. ; |c 24cm. | ||
| 650 | 0 | 0 | |a PASCAL (Computer program language) |
| 999 | |a 037042 |b BUKU |c PINJAMAN |e PERPUSTAKAAN KOMUNITI PETALING JAYA | ||